Investment management : (Record no. 3128)

MARC details
000 -LEADER
fixed length control field 00673 a2200217 4500
010 ## - LCCN (DPL NO)
LC control number ENG-85464
020 ## - INTERNATIONAL STANDARD BOOK NUMBER
International Standard Book Number 8121912482
Terms of availability 500.00
035 ## - SYSTEM CONTROL NUMBER
System control number EN-68997
035 ## - SYSTEM CONTROL NUMBER
System control number B-212173
037 ## - SOURCE OF ACQUISITION
Source of stock number/acquisition D.B.Act / PUB
037 ## - SOURCE OF ACQUISITION
Source of stock number/acquisition RP-ZLS-2800 / PANSY-07-08:12 / RP-07-08:ENG
082 ## - DEWEY DECIMAL CLASSIFICATION NUMBER
Classification number 332.6
100 ## - MAIN ENTRY--PERSONAL NAME
Personal name Bhalla, V.K.
245 ## - TITLE STATEMENT
Title Investment management :
Remainder of title security analysis and portfolio management /
Statement of responsibility, etc V.K. Bhalla
250 ## - EDITION STATEMENT
Edition statement 13th ed.
260 ## - PUBLICATION, DISTRIBUTION, ETC. (IMPRINT)
Place of publication, distribution, etc New Delhi
Name of publisher, distributor, etc S.Chand
Date of publication, distribution, etc 2007
270 ## - ADDRESS
Address 7361, Ram Nagar
City New Delhi
Postal code 110 055
Telephone number 23672080
Electronic mail address schand@vsnl.com
300 ## - PHYSICAL DESCRIPTION
Extent xiv, 1090p.
Dimensions 24cm (pbk)
650 ## - SUBJECT ADDED ENTRY--TOPICAL TERM
Topical term or geographic name as entry element Investment
942 ## - ADDED ENTRY ELEMENTS (KOHA)
Item type English Books
Source of classification or shelving scheme Dewey Decimal Classification
Classification part 332.6
Call number suffix BHA
Holdings
Withdrawn status Lost status Not for loan Collection code Home library Current library Date acquired Source of acquisition Cost, normal purchase price Full call number Barcode Copy number Cost, replacement price Koha item type
    Not For Loan Non-fiction D.B.Act.Division D.B.Act.Division   DBAD/PUB 500.00 332.6 BHA EN-68997 1 500.00 English Books
      Non-fiction Sarojini Nagar Sarojini Nagar       332.6 BHA B-212173   17.00 English Books

© Delhi Public Library
Hit Counter
free hit counter